01371cam a22003617a 4500003000500000005001700005008004100022010001000063011001000073035001000083040000900093090001000102100003800112245010100150260004000251300004300291502007100334590003700405590004100442590004100483590004100524590004100565590004100606590004200647650004900689650003700738650003200775901000700807942001000814949005000824999001700874952011800891CHAP20220329141419.0971013s1983 ab r 00010 spa d a67768 a68740 a78213 cCHAP aTesis00aGuízar Nolazco, Enrique.95152010aEstudio ecológico florístico de la vegetación del Municipio de Tejupilco, Edo. de México aChapingo, Méx. :bEl autor,c1983 avi, 146 h.b: ilus. ; gráfs. ; mapas aTesis (Ing. Agr. Esp. en Bosques) -- UACH. Departamento de Bosques aALEPHb10c20130110lUCH01h1403 aBATCH-UPDb10c20130110lUCH01h0108 aBATCH-UPDb10c20130110lUCH01h1744 aBATCH-UPDb10c20130409lUCH01h2058 aBATCH-UPDb10c20130410lUCH01h1122 aBATCH-UPDb10c20130914lUCH01h0718 aCONVERSIONb10c20130109lUCH01h133714aBosquesxInventariosxMéxico (Edo.)91426014aBosqueszMéxico (Edo.).91441914aEcología forestal.935176 aBK cTESIS bBCcTESd33724000895728eTS1h19420i78213si c67768d67768 00104053708TESISaBCbBCd2019-12-31fTESISl0oTesisp33724000895728r2019-12-31 00:00:00w2019-12-31yTESIS